Lịch sử vật lí học
Đã lưu trong:
| 主要作者: | |
|---|---|
| 格式: | 圖書 |
| 語言: | Undetermined |
| 出版: |
H.
Giáo dục
1999
|
| 主題: | |
| 在線閱讀: | http://lrc.tdmu.edu.vn/opac/search/detail.asp?aID=2&ID=6241 |
| 標簽: |
添加標簽
沒有標簽, 成為第一個標記此記錄!
|
| Thư viện lưu trữ: | Trung tâm Học liệu Trường Đại học Thủ Dầu Một |
|---|
| LEADER | 00601nam a2200193Ia 4500 | ||
|---|---|---|---|
| 001 | TDMU_6241 | ||
| 008 | 210410s9999 xx 000 0 und d | ||
| 082 | |a 530 | ||
| 090 | |b Đ108 | ||
| 100 | |a Đào, Văn Phúc | ||
| 245 | 0 | |a Lịch sử vật lí học | |
| 245 | 0 | |c Đào Văn Phúc | |
| 260 | |a H. | ||
| 260 | |b Giáo dục | ||
| 260 | |c 1999 | ||
| 300 | |a 184tr | ||
| 650 | |a Sách đại học; Vật lí; Lịch sử vật lí | ||
| 856 | |u http://lrc.tdmu.edu.vn/opac/search/detail.asp?aID=2&ID=6241 | ||
| 980 | |a Trung tâm Học liệu Trường Đại học Thủ Dầu Một | ||